000 02868cam a22002418i 4500
001 99116439040004341
005 20250619150448.0
008 200806s2021 enk b 001|0 eng d
015 _aGBC108150
_2bnb
016 7 _a020084041
_2Uk
020 _a9788418741333
035 _a(Uk)020084041
040 _aStDuBDS
_beng
_cStDuBDS
_erda
100 _aHooven, Carole,
_eauthor.
_925548
245 1 0 _aTestosterone
_b: the story of the hormone that dominates and divides us
_c/ Carole Hooven.
264 1 _aBarcelona:
_bArpa,
_c2021.
300 _a351 pages :
_c24 cm
504 _aIncludes bibliographic references and index.
520 _aUna historia sobre la hormona que nos domina, nos divide y nos impulsa. El origen biológico de la masculinidad ha inspirado fascinación y controversia desde la antigüedad. Desde los eunucos de la antigua China, hasta el mercado de los «elixires» de juventud en la Europa del siglo xix, el ser humano ha estado obsesionado con identificar y manipular lo que hoy conocemos como testosterona. Gracias al interés que sigue generando y a los métodos de la ciencia moderna, hoy disponemos de un rico corpus de investigación sobre sus efectos tanto en hombres como en mujeres. La ciencia es clara: la testosterona desempeña un papel clave en las relaciones, el sexo, la infancia, los roles parentales, el trabajo, el deporte, las transiciones de género, la violencia… A través de fascinantes historias personales y con un profundo conocimiento de los más recientes avances científicos en este terreno, Carole Hooven, bióloga evolutiva en la Universidad de Harvard, analiza con ingenio y rigor la poderosa influencia de esta hormona en las diferencias de sexo y el comportamiento humano, y nos invita a reflexionar sobre sus consecuencias.
520 _aA story about the hormone that dominates, divides, and drives us. The biological origins of masculinity have fascinated and provoked controversy since ancient times. From the eunuchs of ancient China to the booming market for youth "elixirs" in 19th-century Europe, humans have long been obsessed with identifying and manipulating what we now know as testosterone. Thanks to ongoing interest and the tools of modern science, we now possess a rich body of research into its effects on both men and women. The science is clear: testosterone plays a crucial role in relationships, sex, childhood, parenting, work, sport, gender transitions, violence... Through compelling personal stories and a deep understanding of the latest scientific advances in the field, Carole Hooven, an evolutionary biologist at Harvard University, explores with wit and rigour the powerful influence of this hormone on sex differences and human behaviour — and invites us to reflect on its far-reaching consequences.
650 0 _aTestosterone
_vPopular works.
942 _2lcc
999 _c4783
_d4783